| 000 | 00694nam a2200229Ia 4500 | ||
|---|---|---|---|
| 003 | GCL | ||
| 008 | 140319s9999 xx 000 0 ara d | ||
| 040 |
_aGCL / _cGCL |
||
| 082 | 0 | 4 |
_a792.0962 _bع ز |
| 100 | 1 | _aمحمود الحديدى | |
| 245 | 1 | 0 |
_aزكى طليمات / _cمحمود الحديدى |
| 700 | 1 | _aعبدالغنى داود | |
| 700 | 1 | _aسعد اردش | |
| 700 | 1 | _aمحمود الحدينى | |
| 300 | _a157 ص | ||
| 490 |
_aسلسلة رواد المسرح المصرى _v0 |
||
| 650 | 0 | 4 | _aالفنانون المصريون |
| 650 | 0 | 4 | _aالمسرح المصرى |
| 650 | 0 | 4 | _aالفنانون - تراجم |
| 650 | 0 | 4 | _aزكى طليمات |
| 942 |
_2ddc _cBK |
||
| 999 |
_c50070 _d50070 |
||